000 00676nam a22002417a 4500
003 UA-OsUOA
001 45512
007 ta
008 20070426b un ||||| |||| 00| 0 ukr d
100 _aБерест Д.
090 _a94(477)(082)
_bБ48
942 _cBK
040 _aUA-OsUOA
_bukr
_cUA-OsUOA
_dUA-OsUOA
245 _aЛітописні непорозуміння
_bІсторичні статті
300 _a76 с.
955 _a2
041 _aukr
080 _a94(477)(082)
020 _a966-621-296-Х
260 _aВінниця
_bКнига-Вега
_c2006
650 7 _a9 Географія. Біографії. Історія
_2UDC
999 _c331416
_d331416